Taylor Swift - The Tortured Poets Department Lyrics - Statistics

General Stats
  • This quiz has been taken 241 times
    218 since last reset
  • The average score is 356 of 413
Answer Stats
Answer % Correct
I
98%
a
97%
my
97%
the
97%
to
97%
"Who
97%
Who
97%
who
97%
(Who?)
97%
You
97%
you?
97%
you
97%
you?)
97%
at
96%
At
96%
me?
96%
me
96%
Me
96%
poets
96%
tortured
96%
apartment
95%
department
95%
from
95%
Straight
95%
typewriter
95%
your
95%
left
94%
then
94%
Like
93%
like
93%
so
93%
So
93%
who's
93%
(Who's
93%
Who's
93%
anyway?"
92%
you're
92%
"You're
92%
and
91%
And
91%
gonna
91%
Gonna
91%
hold
91%
uses
91%
in
90%
know
90%
typewriters
90%
We
90%
we
90%
be
89%
No-
89%
mode
88%
of
88%
this
88%
This
88%
But
87%
if
87%
never
87%
say
87%
not
86%
put
86%
some
86%
body
85%
I'm
85%
things
85%
where
85%
should
84%
Smith
84%
bigger
83%
Charlie
83%
declared
83%
Dylan
83%
fucking-
83%
Hotel
83%
idiots"
83%
idiots
83%
modern
83%
on
83%
Puth
83%
said
83%
Thomas
83%
we're
83%
artist
82%
chocolate
82%
head
82%
seen
82%
with
82%
ain't
81%
golden
81%
it
81%
I've
81%
think
81%
ate
80%
bars
80%
Chelsea
80%
self
80%
seven
80%
tattooed
80%
asleep
79%
else
79%
Patti
79%
show
79%
smoked
79%
retriever
78%
sabotage
77%
that
77%
fall
76%
decodes
75%
ever
75%
told
75%
Nobody
74%
up
74%
Lucy
73%
scratch
72%
still
72%
it's
71%
kill
71%
leave
71%
loved
71%
one
71%
come
70%
heart
70%
is
70%
off
70%
wonder
70%
you'd
70%
yourself
70%
'Cause
69%
felt
69%
finger
69%
ring
69%
screw
69%
wedding
69%
crazy
67%
face
67%
rings
67%
down
66%
Jack
66%
meant
66%
middle
66%
people
66%
tell
66%
closest
65%
exploding
65%
Sometimes
65%
take
65%
that's
65%
about
64%
dinner
63%
episode
63%
Everyone
63%
laughed
63%
why
63%
had
62%
undone
62%
cyclone
61%
road
61%
spikes
59%
Throwing
59%
awaken
58%
two
58%
dread
57%
chose
56%
understands
56%
Pounding
54%
nails
52%
read
43%
troll
27%
No matching quizzes found
Score Distribution
Percent of People with Each Score
Percentile by Number Answered
Your Score History
You have not taken this quiz since the last reset